1580 1120 1645 1628 1336 1562 1048 1461 1566 1149 1160 1646 1526 1114 1672 1103 1575 1697 1088 1308 1405 1570 1257 1905 1348 1274 1202 1803 1447 1706 1126 1372 1032 1921 1394 1546 1099 1253 1146 1179 1212 1002 1374 1143 1723 1941 1658 1551 1382 1813 1701 1575 1474 1155 1988 1114 1789 1614 1923 1984 1607 1494 1237 1956 1516 1395 1126 1016 1799 1220 1507 1986 1452 1457 1357 1019 1366 1227 1559 1222 1951 1291 1586 1677 1479 1170 1231 1280 1755 1058 1179 1075 1591 1148 1486 1224 1987 1513 1824 BCNSPRNW ULIB Ver.6.0+V

เปลี่ยนเป็นภาษาไทย

Change to English
 แสดงรายละเอียดบรรณานุกรม
  กลับหน้าหลัก

Brief Record : Get Marc (ISO 2709) : E-mail record : QR code < ปิดหน้าต่าง
LEADER : 00000nam 2200000uu 4500
001    13399114556
003     ULIB
008    110627s2549||||th 000 0 tha d
020    9789749804740
090    นว.^bบ293อ
100 0  บาร์เกอร์, ไคลฟ์
245 00 อบารัต : วันแห่งเวทมนตร์ คืนแห่งสงคราม /^cซอย ยูริ
250    พิมพ์ครั้งที่ 1
260    กรุงเทพฯ :^bแพรวเยาวชน,^c2549
300    581 หน้า
710 1  แพรวเยาวชน
945    ^p545^l0^i020518
995    ทศพร
999 ^a ใช้งานได้ทุกระบบ
รายการนี้ยังไม่มีแท็ก
คุณยังไม่ได้ล็อกอิน คุณสามารถมีกิจกรรมร่วมกับเว็บไซต์ได้ แต่ต้องล็อกอินก่อน ::
  ล็อกอิน

รายการสื่อสารสนเทศ

ลำดับที่ ประเภท เลขเรียก/บาร์โค้ด สถานที่ สถานะ
1. นวนิยาย
นวนิยาย
นว. บ293อ ฉ.1 
  Barcode: 020518
ห้องสมุดวิทยาเขตสวรรค์ประชารักษ์
►นวนิยาย
บนชั้น
  ขอยืม

BibComment


ยังไม่เคยถูกคอมเมนท์

คอมเมนท์ทรัพยากรรายการนี้
  คอมเมนท์: อบารัต วันแห่งเว..


 Copyright 2026. Bcnsprnw @Library